Statistics for The Mysterious Ticking Noise Lyrics

Click here to take the quiz!

General Stats

  • This quiz has been taken 13 times
  • The average score is 130 of 166

Answer Stats

Answer% Correct
Harry
91%
(Harry
91%
I
91%
is
91%
Potter)
91%
Potter
91%
ticking!
91%
ticking
91%
What
91%
a
82%
bomb!
82%
Dumbledore!
82%
It's
82%
it's
82%
mysterious
82%
noise?
82%
Ron,
82%
Ron
82%
Severus
82%
Snape
82%
Snape,
82%
the
82%
Weasley
82%
Found
73%
....Hermione!
73%
Hermione
73%
of
73%
pipe
73%
Not
64%
source
64%
there..
64%
Yay!
64%
All
55%
here...
55%
Hooooooooooooogwarts!
55%
I'm
55%
me!)
55%
over
55%
at
45%
catchy...
45%
Day
45%
kinda...
45%
Long
45%
Ooh!
45%
Singing
45%
song
45%
Yeah
45%
Yeah!
45%
That's
27%

Score Distribution

Percentile by Number Answered

Percent of People with Each Score

Your Score History

You have not taken this quiz